[Event "GRE-ch U16"]
[Site "Kallithea"]
[Date "2010.06.28"]
[Round "4"]
[White "Tsounis, Serafim"]
[Black "Malamatas, Konstantinos"]
[Result "0-1"]
[WhiteElo "1746"]
[BlackElo "1984"]
[PlyCount "78"]
[EventDate "2010.06.26"]
[EventType "swiss"]
[EventRounds "9"]
[EventCountry "GRE"]
[SourceTitle "CBM 137 Extra"]
[Source "ChessBase"]
[SourceDate "2010.09.01"]
[SourceVersion "1"]
[SourceVersionDate "2010.09.01"]
[SourceQuality "1"]

1. d4 d5 2. Nf3 e6 3. c4 c6 4. Nc3 dxc4 5. e4 b5 6. Be2 Bb7 7. Qc2 Nf6 8. Bg5 Qc7 9. 0-0 Nbd7 10. Rfd1 a6 11. a3 c5 12. Bxf6 Nxf6 13. d5 exd5 14. e5 Nd7 15. Nxd5 Bxd5 16. Rxd5 Nb6 17. Rd2 Be7 18. Rad1 Qc6 19. Qf5 0-0 20. h4 Qg6 21. Qf4 Rad8 22. Rxd8 Rxd8 23. Rxd8+ Bxd8 24. Qd2 Bc7 25. g3 Qe6 26. Kg2 g6 27. Qg5 Kg7 28. Qe3 Qd5 29. Qg5 Qe6 30. Qe3 Na4 31. h5 Qd5 32. h6+ Kg8 33. Qf4 Qc6 34. Kh2 f6 35. Qg4 f5 36. Qg5 Kf8 37. g4 Qe6 38. Qf4 Kg8 39. Qg5 fxg4 0-1

[Event "Attica-ch U08/20"]
[Site "Athens"]
[Date "2009.12.23"]
[Round "1"]
[White "Koasidis, Konstantinos"]
[Black "Malamatas, Konstantinos"]
[Result "0-1"]
[WhiteElo "1200"]
[BlackElo "1955"]
[PlyCount "72"]
[EventDate "2009.12.23"]
[EventType "swiss"]
[EventRounds "7"]
[EventCountry "GRE"]
[SourceTitle "EXT 2011"]
[Source "ChessBase"]
[SourceDate "2010.11.26"]
[SourceVersion "1"]
[SourceVersionDate "2010.11.26"]
[SourceQuality "1"]

1. e4 c5 2. Nf3 d6 3. d4 cxd4 4. Nxd4 Nf6 5. Nc3 g6 6. Be3 Bg7 7. f3 Nc6 8. Bc4 0-0 9. Qd2 Bd7 10. 0-0-0 Rc8 11. Bb3 Ne5 12. Kb1 Re8 13. h4 h5 14. Bh6 a5 15. Bxg7 Kxg7 16. a3 a4 17. Bxa4 Nc4 18. Qd3 Bxa4 19. Nxa4 Qa5 20. b3 Nxa3+ 21. Ka2 Nxc2 22. Nxc2 b5 23. Qd2 Qa7 24. Kb2 bxa4 25. Ra1 Rb8 26. Nb4 Rec8 27. Rxa4 Qb6 28. Rc1 Rc5 29. Rc4 Rxc4 30. bxc4 Nd7 31. Ka2 Nc5 32. Ka3 Nxa4 33. Kxa4 Ra8+ 34. Kb3 Kg8 35. Kc3 Rb8 36. Qb2 Qe3+ 0-1

[Event "GRE-ch U16"]
[Site "Kallithea"]
[Date "2009.06.29"]
[Round "7"]
[White "Malamatas, Konstantinos"]
[Black "Pavlidis, Antonios"]
[Result "0-1"]
[WhiteElo "1970"]
[BlackElo "2307"]
[PlyCount "78"]
[EventDate "2009.06.25"]
[EventType "swiss"]
[EventRounds "9"]
[EventCountry "GRE"]
[SourceTitle "EXT 2011"]
[Source "ChessBase"]
[SourceDate "2010.11.26"]
[SourceVersion "1"]
[SourceVersionDate "2010.11.26"]
[SourceQuality "1"]

1. e4 c5 2. Nf3 Nc6 3. d4 cxd4 4. Nxd4 Qc7 5. Nc3 e6 6. Be3 Nf6 7. Bd3 a6 8. 0-0 Nxd4 9. Bxd4 Bc5 10. Bxc5 Qxc5 11. Qf3 d6 12. Rad1 0-0 13. Rd2 e5 14. Be2 Be6 15. Rfd1 Rfd8 16. Qe3 Qxe3 17. fxe3 Ne8 18. a4 Rac8 19. Kf2 Kf8 20. Kg3 Nf6 21. Bf3 Ke7 22. Kf2 Rc6 23. Ke1 Rdc8 24. a5 b5 25. Rc1 Rc4 26. Rcd1 R8c6 27. Nd5+ Bxd5 28. exd5 Rc8 29. c3 Ra4 30. b3 Rxa5 31. Rc1 Ra3 32. Rb2 e4 33. Be2 Nxd5 34. Kd2 b4 35. c4 Nc3 36. Bg4 Rc5 37. Rf1 g6 38. Rf4 Rca5 39. Rc2 Rxb3 0-1

[Event "GRE-ch U16"]
[Site "Kallithea"]
[Date "2009.06.28"]
[Round "5"]
[White "Malamatas, Konstantinos"]
[Black "Aznaouridis, Sokratis Panagiot"]
[Result "1/2-1/2"]
[WhiteElo "1970"]
[BlackElo "1823"]
[PlyCount "69"]
[EventDate "2009.06.25"]
[EventType "swiss"]
[EventRounds "9"]
[EventCountry "GRE"]
[SourceTitle "EXT 2011"]
[Source "ChessBase"]
[SourceDate "2010.11.26"]
[SourceVersion "1"]
[SourceVersionDate "2010.11.26"]
[SourceQuality "1"]

1. e4 Nf6 2. e5 Nd5 3. d4 d6 4. Nf3 Bg4 5. exd6 Qxd6 6. Be2 Nf4 7. Bxf4 Qxf4 8. 0-0 e6 9. Ne5 Bxe2 10. Qxe2 c6 11. Qd3 Nd7 12. Nxd7 Kxd7 13. g3 Qf5 14. Qxf5 exf5 15. f4 Rd8 16. Nd2 Kc7 17. Nb3 Bd6 18. Rfe1 Rhe8 19. c3 b6 20. Nd2 Re6 21. Rxe6 fxe6 22. Re1 Kd7 23. Nf3 Re8 24. Kf1 h6 25. Ke2 Rg8 26. h4 Rc8 27. Kd3 Rg8 28. Kc4 Rb8 29. b4 b5+ 30. Kb3 a6 31. Re2 Ra8 32. a3 a5 33. Ra2 axb4 34. axb4 Rxa2 35. Kxa2 1/2-1/2

[Event "Attica-ch U16"]
[Site "Athens"]
[Date "2008.12.28"]
[Round "5"]
[White "Kountardas, Panagiotis"]
[Black "Malamatas, Konstantinos"]
[Result "1-0"]
[WhiteElo "1772"]
[BlackElo "1935"]
[PlyCount "73"]
[EventDate "2008.12.25"]
[EventType "swiss"]
[EventRounds "7"]
[EventCountry "GRE"]
[SourceTitle "EXT 2011"]
[Source "ChessBase"]
[SourceDate "2010.11.26"]
[SourceVersion "1"]
[SourceVersionDate "2010.11.26"]
[SourceQuality "1"]

1. d4 d6 2. Bf4 Nd7 3. Nf3 Ngf6 4. e3 g6 5. Be2 Bg7 6. 0-0 0-0 7. c4 c5 8. Nc3 cxd4 9. exd4 Nb6 10. a3 Bg4 11. b3 Qd7 12. h3 Bf5 13. Rc1 h6 14. Qd2 g5 15. Bh2 Ne4 16. Nxe4 Bxe4 17. Rfd1 Rfd8 18. Qe3 Qf5 19. Nd2 Bc2 20. Re1 e5 21. Qc3 Be4 22. dxe5 dxe5 23. Nxe4 Qxe4 24. Bf3 Qg6 25. Bxe5 Rd3 26. Qc2 Bxe5 27. Be4 Qf6 28. Bxd3 Bd4 29. Re2 Nd7 30. Be4 Qb6 31. b4 Rd8 32. Bd5 Nf6 33. Qf5 Qc7 34. Rd1 Qb6 35. Re7 Nxd5 36. Qxf7+ Kh8 37. Qh7# 1-0

[Event "EU-ch U14 18th"]
[Site "Herceg Novi"]
[Date "2008.09.19"]
[Round "5"]
[White "Malamatas, Konstantinos"]
[Black "Talipov, Nafis"]
[Result "1-0"]
[WhiteElo "1897"]
[BlackElo "2029"]
[PlyCount "59"]
[EventDate "2008.09.15"]
[EventType "swiss"]
[EventRounds "9"]
[EventCountry "MNE"]
[SourceTitle "CBM 126 Extra"]
[Source "ChessBase"]
[SourceDate "2008.11.05"]
[SourceVersion "1"]
[SourceVersionDate "2008.11.05"]
[SourceQuality "1"]

1. e4 c6 2. d4 d5 3. e5 Bf5 4. Nc3 e6 5. g4 Bg6 6. Nge2 c5 7. h4 h6 8. Be3 Nc6 9. f4 h5 10. f5 exf5 11. gxf5 Bxf5 12. Qd2 Nb4 13. 0-0-0 c4 14. Nf4 Ne7 15. Bg2 Bxc2 16. Nb5 Nec6 17. Nxd5 Bf5 18. Nbc7+ Kd7 19. Qf2 Nxd5 20. Nxd5 Be6 21. Nc3 Nb4 22. d5 Nd3+ 23. Rxd3 cxd3 24. dxe6+ fxe6 25. Rd1 Kc8 26. Qf7 Qe7 27. Qg6 a6 28. Rxd3 Kc7 29. Qe4 Qb4 30. Rd4 1-0

[Event "EU-ch U14 18th"]
[Site "Herceg Novi"]
[Date "2008.09.15"]
[Round "1"]
[White "Malamatas, Konstantinos"]
[Black "Baboyan, Eduard"]
[Result "1/2-1/2"]
[WhiteElo "1897"]
[BlackElo "2125"]
[PlyCount "75"]
[EventDate "2008.09.15"]
[EventType "swiss"]
[EventRounds "9"]
[EventCountry "MNE"]
[SourceTitle "CBM 126 Extra"]
[Source "ChessBase"]
[SourceDate "2008.11.05"]
[SourceVersion "1"]
[SourceVersionDate "2008.11.05"]
[SourceQuality "1"]

1. e4 c5 2. Nf3 Nc6 3. d4 cxd4 4. Nxd4 d5 5. Nxc6 bxc6 6. exd5 Qxd5 7. Qxd5 cxd5 8. Nc3 e6 9. Bd3 Bb4 10. Bd2 Ne7 11. a3 Ba5 12. b4 Bb6 13. Nb5 0-0 14. c4 dxc4 15. Bxc4 Bb7 16. 0-0 Bd5 17. Be2 Nf5 18. Rac1 a5 19. Bg4 Nh4 20. Bh3 Ng6 21. Nc7 Bxc7 22. Rxc7 axb4 23. Bxb4 Rfb8 24. Bg4 Nf4 25. g3 Nd3 26. Be7 Rb2 27. Rc3 Ne5 28. h3 f5 29. Bh5 Nc4 30. Rfc1 g6 31. Bd1 Nd2 32. Bf6 Rb7 33. Rc7 Rxc7 34. Rxc7 Rxa3 35. Rg7+ Kf8 36. Rxh7 Rd3 37. g4 Ne4 38. Rh8+ 1/2-1/2

[Event "Paleochora op 1st"]
[Site "Paleochora"]
[Date "2008.07.21"]
[Round "1"]
[White "Iskusnyh, Sergei"]
[Black "Malamatas, Konstantinos"]
[Result "1-0"]
[WhiteElo "2499"]
[BlackElo "1897"]
[PlyCount "44"]
[EventDate "2008.07.21"]
[EventType "swiss"]
[EventRounds "9"]
[EventCountry "GRE"]
[SourceTitle "CBM 125 Extra"]
[Source "ChessBase"]
[SourceDate "2008.09.01"]
[SourceVersion "1"]
[SourceVersionDate "2008.09.01"]
[SourceQuality "1"]

1. d4 Nf6 2. c4 c5 3. d5 b5 4. cxb5 a6 5. bxa6 Bxa6 6. g3 d6 7. Bg2 g6 8. Nc3 Nbd7 9. Nf3 Bg7 10. Rb1 0-0 11. 0-0 Qa5 12. Bd2 Rfb8 13. Qc2 Nb6 14. b3 Bb7 15. Rfd1 Qa6 16. e4 Qa7 17. Nb5 Qxa2 18. Rb2 Qa6 19. Nc7 Qe2 20. Re1 Ra1 21. Rbb1 Ra2 22. Qxa2 Qd3 1-0

[Event "EU School-ch U15"]
[Site "Kallithea"]
[Date "2008.05.04"]
[Round "8"]
[White "Nakar, Eylon"]
[Black "Malamatas, Konstantinos"]
[Result "1-0"]
[WhiteElo "2056"]
[BlackElo "1882"]
[PlyCount "73"]
[EventDate "2008.04.29"]
[EventType "swiss"]
[EventRounds "9"]
[EventCountry "GRE"]
[SourceTitle "CBM 124 Extra"]
[Source "ChessBase"]
[SourceDate "2008.07.03"]
[SourceVersion "1"]
[SourceVersionDate "2008.07.03"]
[SourceQuality "1"]

1. e4 c5 2. Nc3 e6 3. g3 Ne7 4. Bg2 d5 5. exd5 exd5 6. d3 Be6 7. Nge2 Nbc6 8. 0-0 g6 9. Nf4 Bg7 10. Re1 0-0 11. Rxe6 fxe6 12. Nxe6 Qd6 13. Nxf8 Rxf8 14. Bf4 Qd7 15. Qd2 Nd4 16. Re1 b5 17. Bg5 Ndc6 18. Nxb5 Rb8 19. a4 a6 20. Bxe7 Nxe7 21. Qf4 Rd8 22. Nc3 d4 23. Ne4 Nd5 24. Qg5 Re8 25. Qxd5+ Qxd5 26. Nf6+ Bxf6 27. Bxd5+ Kf8 28. Rxe8+ Kxe8 29. Kg2 h5 30. h4 Ke7 31. f4 a5 32. Kf3 Bg7 33. Ke4 Kf6 34. Bb7 Bf8 35. Bc8 Ke7 36. Kd5 Kd8 37. Bh3 1-0

[Event "Attica-ch U14"]
[Site "Athens"]
[Date "2008.01.07"]
[Round "7"]
[White "Kosmas Lekkas, Dimitrios"]
[Black "Malamatas, Konstantinos"]
[Result "1/2-1/2"]
[WhiteElo "1765"]
[BlackElo "1730"]
[PlyCount "31"]
[EventDate "2008.01.02"]
[EventType "swiss"]
[EventRounds "7"]
[EventCountry "GRE"]
[SourceTitle "EXT 2011"]
[Source "ChessBase"]
[SourceDate "2010.11.26"]
[SourceVersion "1"]
[SourceVersionDate "2010.11.26"]
[SourceQuality "1"]

1. d4 d6 2. c4 Nd7 3. e4 e5 4. Nf3 Ngf6 5. Nc3 Be7 6. d5 0-0 7. Be2 Nc5 8. Qc2 a5 9. h3 Ne8 10. g4 Nf6 11. Be3 b6 12. 0-0-0 Bd7 13. Rdg1 c6 14. g5 Ne8 15. Kb1 Nc7 16. Nd2 1/2-1/2

[Event "Nikaia op 15th"]
[Site "Nikaia"]
[Date "2007.08.27"]
[Round "6"]
[White "Malamatas, Konstantinos"]
[Black "Tsiropoulas, Apostolos"]
[Result "1/2-1/2"]
[WhiteElo "1901"]
[BlackElo "2073"]
[PlyCount "75"]
[EventDate "2007.08.23"]
[EventType "swiss"]
[EventRounds "9"]
[EventCountry "GRE"]
[SourceTitle "CBM 120 Extra"]
[Source "ChessBase"]
[SourceDate "2007.11.01"]
[SourceVersion "1"]
[SourceVersionDate "2007.11.01"]
[SourceQuality "1"]

1. e4 e6 2. d4 d5 3. Nc3 Nf6 4. Bg5 Be7 5. e5 Nfd7 6. h4 a6 7. f4 c5 8. Bxe7 Qxe7 9. Nf3 Nc6 10. Qd2 cxd4 11. Nxd4 f6 12. Nxd5 exd5 13. Nf5 Qc5 14. Nd6+ Ke7 15. 0-0-0 Nb6 16. Bd3 Kd7 17. h5 h6 18. a3 fxe5 19. Nf7 Rf8 20. Nxe5+ Nxe5 21. fxe5 Kc7 22. c4 Nxc4 23. Bxc4 Qxc4+ 24. Kb1 Qe4+ 25. Ka1 Bd7 26. Rhe1 Qf5 27. Qxd5 Qe6 28. Qc5+ Bc6 29. Rd6 Qb3 30. Rc1 Qb5 31. Qd4 Rad8 32. Rd1 Rde8 33. e6 Rf1 34. Rxc6+ Qxc6 35. Qxg7+ Kb6 36. Rxf1 Rxe6 37. Qd4+ Qc5 38. Rd1 1/2-1/2

[Event "Nikaia op 15th"]
[Site "Nikaia"]
[Date "2007.08.25"]
[Round "3"]
[White "Karanikolas, Dimitrios"]
[Black "Malamatas, Konstantinos"]
[Result "1/2-1/2"]
[WhiteElo "2181"]
[BlackElo "1901"]
[PlyCount "62"]
[EventDate "2007.08.23"]
[EventType "swiss"]
[EventRounds "9"]
[EventCountry "GRE"]
[SourceTitle "CBM 120 Extra"]
[Source "ChessBase"]
[SourceDate "2007.11.01"]
[SourceVersion "1"]
[SourceVersionDate "2007.11.01"]
[SourceQuality "1"]

1. e4 c5 2. Nf3 Nc6 3. d4 cxd4 4. c3 dxc3 5. Nxc3 e6 6. Bc4 Nge7 7. 0-0 Ng6 8. a3 Be7 9. Qe2 0-0 10. Rd1 a6 11. b4 Bf6 12. Bb2 Nge5 13. Nxe5 Bxe5 14. Na2 Bxb2 15. Qxb2 b5 16. Bb3 Qe7 17. Rd3 Qf6 18. Qxf6 gxf6 19. Rc1 Ra7 20. Rf3 Nd4 21. Rg3+ Kh8 22. Bd1 d6 23. Rgc3 Ra8 24. Rc7 e5 25. Nc3 Be6 26. Nd5 Kg7 27. Kf1 Rac8 28. Ke1 Rxc7 29. Rxc7 Ra8 30. Nb6 Rb8 31. Nd5 Ra8 1/2-1/2

[Event "Nikaia op 15th"]
[Site "Nikaia"]
[Date "2007.08.23"]
[Round "1"]
[White "Malamatas, Konstantinos"]
[Black "Dochev, Dimitar"]
[Result "0-1"]
[WhiteElo "1901"]
[BlackElo "2405"]
[PlyCount "78"]
[EventDate "2007.08.23"]
[EventType "swiss"]
[EventRounds "9"]
[EventCountry "GRE"]
[SourceTitle "CBM 120 Extra"]
[Source "ChessBase"]
[SourceDate "2007.11.01"]
[SourceVersion "1"]
[SourceVersionDate "2007.11.01"]
[SourceQuality "1"]

1. e4 e6 2. d4 d5 3. Nc3 Bb4 4. e5 c5 5. a3 Bxc3+ 6. bxc3 Ne7 7. f4 Qa5 8. Bd2 cxd4 9. cxd4 Qa4 10. Nf3 b6 11. Bd3 Ba6 12. Qe2 Bxd3 13. Qxd3 Nbc6 14. 0-0 Nf5 15. c3 h5 16. Be1 Rc8 17. Nh4 Nce7 18. h3 Nxh4 19. Bxh4 Qc4 20. Qxc4 Rxc4 21. Rfc1 Nf5 22. Bf2 Kd7 23. Ra2 Rhc8 24. Rac2 Ra4 25. Kf1 Rxa3 26. Ke2 h4 27. Kd3 Rc4 28. Rb2 Kc6 29. Kd2 b5 30. Rbc2 Rca4 31. Rb2 Ra1 32. Rbc2 R4a2 33. Rxa2 Rxa2+ 34. Rc2 Ra1 35. Rc1 Rxc1 36. Kxc1 b4 37. Kc2 Kb5 38. Kb3 bxc3 39. Kxc3 a5 0-1

[Event "Litohoro Summer Cup"]
[Site "Litohoro"]
[Date "2006.07.26"]
[Round "5"]
[White "Malamatas, Konstantinos"]
[Black "Pantovic, Dragan M"]
[Result "0-1"]
[WhiteElo "1907"]
[BlackElo "2192"]
[PlyCount "87"]
[EventDate "2006.07.22"]
[EventType "swiss"]
[EventRounds "9"]
[EventCountry "GRE"]
[SourceTitle "CBM 113 Extra"]
[Source "ChessBase"]
[SourceDate "2006.09.14"]
[SourceVersion "1"]
[SourceVersionDate "2006.09.14"]
[SourceQuality "1"]

1. e4 g6 2. d4 Bg7 3. Nc3 d6 4. Bg5 a6 5. f4 b5 6. a3 Bb7 7. Nf3 Nf6 8. Qd3 Nbd7 9. h3 0-0 10. Qe3 c5 11. Bd3 Nh5 12. g4 Ng3 13. Rg1 cxd4 14. Nxd4 Qb6 15. Rxg3 Bxd4 16. Qd2 f6 17. Bh6 Rfc8 18. Nd1 Nc5 19. Qe2 Qc6 20. c3 Nxd3+ 21. Rxd3 Bb6 22. e5 dxe5 23. fxe5 Rd8 24. exf6 Qh1+ 25. Kd2 Rxd3+ 26. Kxd3 Rd8+ 27. Kc2 Qe4+ 28. Qxe4 Bxe4+ 29. Kb3 exf6 30. Bf4 Rd3 31. h4 Rf3 32. Bd6 Rf1 33. Bb8 Bf3 34. Kc2 Bxg4 35. Kd2 h5 36. Rc1 Kf7 37. Bg3 Bxd1 38. Rxd1 Be3+ 39. Ke2 Rxd1 40. Kxd1 g5 41. hxg5 fxg5 42. b3 Bc5 43. b4 Be3 44. Kc2 0-1